Cargando…

Rome and the Barbarians, 100 B.C.-A.D. 400 /

Detalles Bibliográficos
Clasificación:Libro Electrónico
Autor principal: Burns, Thomas S. (Thomas Samuel), 1945-
Formato: Electrónico eBook
Idioma:Inglés
Publicado: Baltimore : Johns Hopkins University Press, 2003.
Colección:Book collections on Project MUSE.
Temas:
Acceso en línea:Texto completo

MARC

LEADER 00000cam a22000004a 4500
001 musev2_3464
003 MdBmJHUP
005 20230905040432.0
006 m o d
007 cr||||||||nn|n
008 020926s2003 mdu o 00 0 eng d
010 |z  2002015858 
020 |a 9780801899225 
020 |z 9780801892707 
020 |z 9780801873065 
035 |a (OCoLC)606996106 
040 |a MdBmJHUP  |c MdBmJHUP 
043 |a e------  |a ff-----  |a aw----- 
050 0 4 |a DG254.2  |b .B87 2003 
082 0 |a 303.48/2360397/09015  |2 21 
100 1 |a Burns, Thomas S.  |q (Thomas Samuel),  |d 1945- 
245 1 0 |a Rome and the Barbarians, 100 B.C.-A.D. 400 /   |c Thomas S. Burns. 
264 1 |a Baltimore :  |b Johns Hopkins University Press,  |c 2003. 
264 3 |a Baltimore, Md. :  |b Project MUSE,   |c 2012 
264 4 |c ©2003. 
300 |a 1 online resource (480 pages):   |b ill., maps ; 
336 |a text  |b txt  |2 rdacontent 
337 |a computer  |b c  |2 rdamedia 
338 |a online resource  |b cr  |2 rdacarrier 
504 |a Includes bibliographical references (p. 431-452) and index. 
505 0 |a Sometimes bitter friends -- Recognition, confrontation, and co-existence -- Through Caesar's eyes -- The early empire and the Barbarians -- Perspectives from Pannonia -- The Barbarians and the "crisis" of the empire -- Barbarians and the late Roman Empire -- Epilogue -- Appendix: Most important Roman emperors and usurpers. 
588 |a Description based on print version record. 
651 0 |a Rome  |x History  |y Empire, 30 B.C.-476 A.D. 
651 0 |a Rome  |x History  |y Republic, 265-30 B.C. 
650 0 |a Acculturation  |z Rome. 
650 0 |a Roman provinces  |x Administration. 
655 7 |a Electronic books.   |2 local 
710 2 |a Project Muse.  |e distributor 
830 0 |a Book collections on Project MUSE. 
856 4 0 |z Texto completo  |u https://projectmuse.uam.elogim.com/book/3464/ 
945 |a Project MUSE - Custom Collection 
945 |a Project MUSE - Archive Complete Foundation 
945 |a Project MUSE - Archive Classical Studies Foundation